The transfer of property act / (Record no. 77371)

MARC details
000 -LEADER
fixed length control field 00575nam a22001937a 4500
005 - DATE AND TIME OF LATEST TRANSACTION
control field 20150202103555.0
010 ## - LCCN (DPL NO)
LC control number ENG-107932
020 ## - INTERNATIONAL STANDARD BOOK NUMBER
Terms of availability 1995.00
International Standard Book Number 9788180388125
035 ## - SYSTEM CONTROL NUMBER
System control number EN-91465
037 ## - SOURCE OF ACQUISITION
Source of stock number/acquisition DBAD/PUB
100 ## - MAIN ENTRY--PERSONAL NAME
Personal name Mulla, Dinshaw Fardunji
245 00 - TITLE STATEMENT
Title The transfer of property act /
Statement of responsibility, etc by Dinshaw Fardunji Mulla
250 ## - EDITION STATEMENT
Edition statement 11th ed
260 ## - PUBLICATION, DISTRIBUTION, ETC. (IMPRINT)
Place of publication, distribution, etc Gurgaon
Name of publisher, distributor, etc Lexis Nexis
Date of publication, distribution, etc 2013
270 ## - ADDRESS
Address 14th Floor, Bldg. No.10, Tower-B, DLF Cyber City, Phase-II
City Gurgaon
Postal code 122002
300 ## - PHYSICAL DESCRIPTION
Extent cclxxxi, 1098p.
Dimensions 26cm(Hb)
500 ## - GENERAL NOTE
General note Includes index
942 ## - ADDED ENTRY ELEMENTS (KOHA)
Source of classification or shelving scheme Dewey Decimal Classification
Item type English Books
Call number suffix MUL
Holdings
Withdrawn status Lost status Not for loan Collection code Home library Current library Date acquired Source of acquisition Cost, normal purchase price Full call number Barcode Copy number Cost, replacement price Koha item type
    Not For Loan Non-fiction D.B.Act.Division D.B.Act.Division 10/07/2013 DBAD/PUB 1995.00 MUL EN-91465 1 1995.00 English Books

© Delhi Public Library
Hit Counter
free hit counter